Loading...

Meritocracy and economic inequality

Bibliographic Details
Other Authors: Arrow, Kenneth,ed, Bowles, Samuel, ed, Durlauf, Steven, ed
Format: Printed Book
Language:Undetermined
Published: London Oxford university press 2000
LEADER 00548nam a2200157Ia 4500
008 161229s9999 xx 000 0 und d
020 |a 0195656350 
245 |a Meritocracy and economic inequality  
260 |b Oxford university press  |a London  |c 2000 
300 |a 348 
700 |a Arrow, Kenneth,ed. 
700 |a Bowles, Samuel, ed. 
700 |a Durlauf, Steven, ed. 
942 |c BK 
999 |c 154625  |d 154625 
952 |0 0  |1 0  |4 0  |7 0  |9 153704  |a KAUCLV  |b KAUCLV  |d 2016-12-29  |g 595.00  |p 905934  |r 2016-12-29  |w 2016-12-29  |y BK  |z Book transferred from CCBM Library ,Acc.No:10443